00771nam a2200253 a 4500001001300000003000900013005001700022008004100039020001200080082001300092100001800105245006300123260004400186300000900230500003500239505001000274650003600284650002100320700001800341902000800359942000700367952012600374999001700500nice12345678IN_TiNIC20260116013408.0050524s1981 newa grp 000 0 eng  ac367.500a232bDRI aDriver, Tom F aChrist in a Changing Worldb Toward an Ethical Christology aNew YorkbCross Road Publicationsc1981 a183p aincludes index and biblioraphy2 aIndex aJesus Christ-Person and Offices aChristian-Ethics1 aDriver, Tom F bSRS cBK 001040708StackRoom-aHMIbHMId2007-06-15g367.50l1o232 DRIp017660r2018-11-08s2018-11-06v367.50w2005-05-24yBK c10842d10842